[Event "CZE-chT2E 1213"]
[Site "Czech Republic"]
[Date "2013.01.20"]
[Round "7.5"]
[White "Vidlar, Pavel"]
[Black "Balsinek, Pavel"]
[Result "1/2-1/2"]
[WhiteElo "1924"]
[BlackElo "2073"]
[PlyCount "80"]
[EventDate "2012.10.14"]
[EventType "team-tourn"]
[EventRounds "11"]
[EventCountry "CZE"]
[SourceTitle "EXT 2016"]
[Source "ChessBase"]
[SourceDate "2015.10.08"]
[SourceVersion "1"]
[SourceVersionDate "2015.10.08"]
[SourceQuality "1"]
[WhiteTeam "Napajedla"]
[BlackTeam "Prusanky Podluzan"]
[WhiteTeamCountry "CZE"]
[BlackTeamCountry "CZE"]

1. Nf3 d5 2. d4 Nf6 3. c3 e6 4. Bf4 c5 5. e3 Nc6 6. Nbd2 Bd6 7. Bxd6 Qxd6 8. Be2 0-0 9. 0-0 e5 10. dxe5 Nxe5 11. Nxe5 Qxe5 12. Nf3 Qc7 13. Qc2 Bg4 14. Rad1 Rad8 15. c4 Rfe8 16. cxd5 Nxd5 17. Qa4 Be6 18. a3 h6 19. Rc1 Qb6 20. Bc4 Qxb2 21. Rb1 Nc3 22. Qxe8+ Rxe8 23. Rxb2 Bxc4 24. Re1 b5 25. Rc2 Na4 26. Rd2 Be6 27. Rd6 Rb8 28. Ra6 Rb7 29. Rc1 c4 30. Nd4 Bd7 31. Kf1 Kf8 32. Rxa4 bxa4 33. Rxc4 Ke7 34. Ke1 Kd6 35. Kd2 Rb1 36. h4 Ra1 37. Rc3 Rf1 38. Ke2 Ra1 39. Kd3 Rf1 40. Ke2 Ra1 1/2-1/2